Theory and practice of robots and manipulators
Gespeichert in:
| Weitere Verfasser: | , |
|---|---|
| Format: | Buch |
| Sprache: | Englisch |
| Veröffentlicht: |
Warszawa :
Polish Scientific Publ,
1977
|
| Tags: |
Keine Tags, Fügen Sie das erste Tag hinzu!
|
MARC
| LEADER | 00000nam a22000003a 4500 | ||
|---|---|---|---|
| 001 | stu263898 | ||
| 005 | 20150617230220.3 | ||
| 008 | 130312s--------pl------------------eng-d | ||
| 020 | |a 0-444-99812-8 | ||
| 040 | |a STU |b slo | ||
| 041 | 0 | |a eng | |
| 044 | |a pl | ||
| 100 | 1 | |a Morecki, Adam |4 edt | |
| 245 | 1 | |a Theory and practice of robots and manipulators | |
| 260 | |a Warszawa : |b Polish Scientific Publ, |c 1977 | ||
| 300 | |a 500 s | ||
| 700 | 1 | |a Kędzior, K. |4 edt | |
| 996 | |c I*2RP2428 |l I |s A |a 24 |w stu263898_0001 | ||